Regions of Italy by Picture - Statistics

General Stats
  • This quiz has been taken 45 times
  • The average score is 15 of 20
Answer Stats
Picture Answer % Correct
Lazio
98%
Tuscany
98%
Lombardy
93%
Sicily
90%
Veneto
90%
Campania
80%
Sardinia
78%
Aosta Valley
76%
Emilia-Romagna
76%
Piedmont
76%
Liguria
73%
Umbria
71%
Puglia
68%
Trentino-South Tyrol
68%
Calabria
66%
Basilicata
63%
Marche
63%
Molise
61%
Abruzzo
59%
Friuli-Venezia-Giulia
56%
No matching quizzes found
Score Distribution
Percent of People with Each Score
Percentile by Number Answered
Your Score History
You have not taken this quiz